000 00438nam a22001577a 4500
999 _c257423
_d257422
003 OSt
005 20250122161312.0
008 181120b xxu||||| |||| 00| 0 eng d
020 _a9781619618299
040 _cRU
_aDLc
_beng
_dRU
_erda
050 _aHD57.7
_b.A34 2018
100 _aVishal Agarwal
245 _aGive to get / a senior leader's guide to navigating corporate life
260 _bLioncrest Publishing
_c2018
942 _2lcc
_cBK